书目信息 |
| 题名: |
巧配罗裙
|
|
| 作者: | 于帆 , 鹿萌 主编 | |
| 分册: | ||
| 出版信息: | 北京 北京理工大学出版社 2009.01 |
|
| 页数: | 138页 | |
| 开本: | 23×20cm | |
| 丛书名: | 时尚俏佳人 | |
| 单 册: | ||
| 中图分类: | TS941.717.8 | |
| 科图分类: | ||
| 主题词: | 裙子--qun zi--服饰美学 | |
| 电子资源: | ||
| ISBN: | 978-7-5640-1890-0 | |
| 000 | 00877nam 2200265 450 | |
| 001 | 012009044766 | |
| 005 | 20090430112536.28 | |
| 010 | @a978-7-5640-1890-0@dCNY27.80 | |
| 100 | @a20090430d2009 km y0chiy0120 ea | |
| 101 | 0 | @achi |
| 102 | @aCN@b110000 | |
| 105 | @aa z 000yy | |
| 106 | @ar | |
| 200 | 1 | @a巧配罗裙@Aqiao pei luo qun@f于帆, 鹿萌主编@Fyu fan,lu meng zhu bian |
| 210 | @a北京@c北京理工大学出版社@d2009.01 | |
| 215 | @a138页@c图@d23×20cm | |
| 225 | 2 | @a时尚俏佳人@Ashi shang qiao jia ren |
| 330 | @a本书主要内容包括:无色不欢:裙装色彩搭配魔法术,花样年华:花色图案搭配法,扬长避短:以裙装挽救不完美体形等。 | |
| 410 | 0 | @12001 @a时尚俏佳人 |
| 606 | 0 | @a裙子@Aqun zi@x服饰美学 |
| 690 | @aTS941.717.8@v4 | |
| 701 | 0 | @a于帆@Ayu fan@4主编 |
| 701 | 0 | @a鹿萌@Alu meng@4主编 |
| 801 | 0 | @aCN@bQSSK@c20090430 |
| 905 | @b740124-26@dTS941.717.8@eY708@f3 | |
| 巧配罗裙/于帆, 鹿萌主编.-北京:北京理工大学出版社,2009.01 |
| 138页:图;23×20cm.-(时尚俏佳人) |
| ISBN 978-7-5640-1890-0:CNY27.80 |
| 本书主要内容包括:无色不欢:裙装色彩搭配魔法术,花样年华:花色图案搭配法,扬长避短:以裙装挽救不完美体形等。 |
| ● |
| 相关链接 |
|
|
|
正题名:巧配罗裙
索取号:TS941.717.8/Y708
 
预约/预借
| 序号 | 登录号 | 条形码 | 馆藏地/架位号 | 状态 | 备注 |
| 1 | 740124 | 207401248 | 自科二线504/501自科库 74排2列4层/ [索取号:TS941.717.8/Y708] | 在馆 | |
| 2 | 740125 | 207401257 | 自科库501/501自科库 74排2列4层/ [索取号:TS941.717.8/Y708] | 在馆 | |
| 3 | 740126 | 207401266 | 自科库501/501自科库 74排2列4层/ [索取号:TS941.717.8/Y708] | 在馆 |